000 01354cam a22003857a 4500
003 CHAP
005 20220329142515.0
008 010816d1992 mx r 00110 spa d
010 _a84457
011 _a85429
020 _a01853384
035 _a95962
040 _cCHAP
090 _aFolleto 16327
100 0 0 _aMejía Lira, José.
_974264
245 1 0 _aModalidades administrativas de los municipios mexicanos
_c/por José Mejía Lira
260 _aMéxico, D.F. :
_bCentro de Investigación y Docencia Económicas. División de Administración Pública,
_c1992
300 _a21 p.
410 2 1 _aCIDE. División de Administración Pública
490 0 _aDocumentos de trabajo
_v; 10
590 _aBATCH-UPD
_b10
_c20130110
_lUCH01
_h0228
590 _aBATCH-UPD
_b10
_c20130110
_lUCH01
_h0921
590 _aBATCH-UPD
_b10
_c20130409
_lUCH01
_h2251
590 _aBATCH-UPD
_b10
_c20130410
_lUCH01
_h1257
590 _aBATCH-UPD
_b10
_c20130913
_lUCH01
_h1934
590 _aCONVERSION
_b10
_c20130109
_lUCH01
_h1347
650 1 4 _aAdministración.
_9918
650 1 4 _aMéxico
_xMunicipios.
_976781
810 0 0 _aCIDE. División de Administración Pública
_923093
830 0 _aDocumentos de trabajo
_v; 10
_933268
901 _aBK
905 _aMarco A. Mendoza T.
942 _cFOLL
949 _aFolleto 16327
_bBC
_cFOLL
_d33724000994844
_eTS1
_i95962
_sb
999 _c84457
_d84457